麗池的異想世界 : 龍蝦治百瞎

資料類型: Book 圖書   書目號:53060

Leader xxxxxxxxxx
001 __ 102593/3/01
005 __ 20190417142321.524
010 0_ |a9789861896601|b精裝|d新臺幣350元
042 __ |anbic
100 __ |a20190417d2018    km y0chiy50      b
101 1_ |achi|ceng
102 __ |atw
105 __ |aa   z   000fy
200 1_ |a麗池的異想世界|e龍蝦治百瞎|f麗池克萊姆(Liz Climo)文.圖|g賴云倩譯
205 __ |a初版
210 __ |a臺北市|c格林文化|d2018[民107]
215 0_ |a111面|c彩圖|d24公分
527 11 |aLobster is the best medicine : a collection of Comicsabout friendship|zeng
517 1_ |a龍蝦治百瞎|zchi
700 _1 |a克萊姆|c(Climo, Liz)|4文.圖
702 _1 |a|b云倩|4750 _1 |aClimo|bLiz
681 __ |a873.59|b8586
801 _0 |atw|bLibDipper|c20190417|gCCR
詳細館藏(共 1 筆)
索 書 號登 錄 號冊次號館別 / 館藏地流通類型狀態加入預約清單電子資源
873.59 / 8586 1025933  圖書館 / 二樓繪本專區 可外借30天 在館   

| 條列資料




目錄查詢 分類查詢 個人資料 圖書薦購 新書查詢 閉館日 排行榜 更多電子資源 Hami書城 線上資料庫 登出

From : 216.73.216.116

  本日流通累計至 22:48:54 借閱 : 0 次 續借 : 0 次 歸還 : 0 次 預約 : 0 次 電子資源 : 0 次


內湖高中圖書館  PCLIS 版本  25.5.0.2